Standard Life Assurance v Unipath Ltd (Record no. 51066)

MARC details
000 -LEADER
fixed length control field 00960cab a2200229 4500
001 - CONTROL NUMBER
control field ABS57641
008 - FIXED-LENGTH DATA ELEMENTS--GENERAL INFORMATION
fixed length control field 090401t1997 xxu||||| |||| 00| 0 eng d
035 ## - SYSTEM CONTROL NUMBER
System control number (Sirsi) u81055
041 ## - LANGUAGE CODE
Language code of text/sound track or separate title eng
245 ## - TITLE STATEMENT
Title Standard Life Assurance v Unipath Ltd
260 ## - PUBLICATION, DISTRIBUTION, ETC.
Date of publication, distribution, etc. 1997
350 ## - PRICE (NR) (BK AM CF MU VM SE) [OBSOLETE]
Price 0
490 ## - SERIES STATEMENT
Series statement Estates Gazette
Volume/sequential designation [1997] 38 EG 152-157(6)
520 ## - SUMMARY, ETC.
Summary, etc. CA 1 May 1997. S purchaser of reversion to lease; U was assignee of the term of the lease. Lease provided for five-year rent reviews of the `lease rent` , defined as the rent reserved by the lease. In 1994 an arbitrator decided that the rent should be lower than the rent review of 1989. S contended rent review was upwards only. U appealed. Appeal dismissed.
650 ## - SUBJECT ADDED ENTRY--TOPICAL TERM
Topical term or geographic name entry element LEASE RENT
650 ## - SUBJECT ADDED ENTRY--TOPICAL TERM
Topical term or geographic name entry element RENT REVIEWS
650 ## - SUBJECT ADDED ENTRY--TOPICAL TERM
Topical term or geographic name entry element STANDARD LIFE ASSURANCE V UNIPATH LTD
650 ## - SUBJECT ADDED ENTRY--TOPICAL TERM
Topical term or geographic name entry element UPWARD ONLY RENT REVIEWS
690 ## - LOCAL SUBJECT ADDED ENTRY--TOPICAL TERM (OCLC, RLIN)
Topical term or geographic name as entry element LANDLORD AND TENANT-CASE LAW-RENT REVIEWS
942 ## - ADDED ENTRY ELEMENTS (KOHA)
Suppress in OPAC 0
948 ## - LOCAL PROCESSING INFORMATION (OCLC); SERIES PART DESIGNATOR (RLIN)
c (OCLC) 24/09/1997
Holdings
Withdrawn status Lost status Source of classification or shelving scheme Damaged status Not for loan Home library Current library Shelving location Date acquired Total Checkouts Full call number Barcode Date last seen Copy number Price effective from Koha item type
    Dewey Decimal Classification     London London Journal article 14/09/1999   ABS57641 81055-1001 06/08/2019 1 06/08/2019 Law report